Catalog

Record Details

Catalog Search



Available copies

  • 3 of 3 copies available at LARL/NWRL Consortium.
  • 2 of 2 copies available at Northwest Regional Library. (Show preferred library)

Current holds

0 current holds with 3 total copies.

Show Only Available Copies
Location Call Number / Copy Notes Barcode Shelving Location Status Due Date
Red Lake Falls Public Library AUS (Text) 35500004249353 Main Available -
Thief River Falls Public Library AUS (Text) 35500004086789 Main Available -
Fertile Public Library C AUS (Text) 33500012722211 Main Available -

Record details

  • ISBN: 9780764228919 (pbk. : alk. paper)
  • ISBN: 9780764204401 (alk. paper)
  • Physical Description: 432 p. ; 22 cm.
  • Publisher: Minneapolis, Minn. : Bethany House, c2007.
Subject: Young women > Fiction.
World's Columbian Exposition (1893 : Chicago, Ill.) > Fiction.
Chicago (Ill.) > Fiction.
Genre: Bildungsromans.
Christian fiction.
LDR 01546cam a22003498a 4500
00184480
003LARL_NWRL_CONSORTIUM
00520070920122230.0
008070606s2007 mnu 000 1 eng
010 . ‡a2007023563
020 . ‡a9780764228919 (pbk. : alk. paper)
020 . ‡a9780764204401 (alk. paper)
035 . ‡a(OCoLC)141484220
040 . ‡aDLC ‡cDLC ‡dDLC
043 . ‡an-us-il
08200. ‡a813/.54 ‡222
1001 . ‡aAustin, Lynn N. ‡0(LARL_NWRL_CONSORTIUM)139803
24512. ‡aA proper pursuit / ‡cLynn Austin.
260 . ‡aMinneapolis, Minn. : ‡bBethany House, ‡cc2007.
300 . ‡a432 p. ; ‡c22 cm.
650 0. ‡aYoung women ‡vFiction. ‡0(LARL_NWRL_CONSORTIUM)168213
61120. ‡aWorld's Columbian Exposition ‡d(1893 : ‡cChicago, Ill.) ‡vFiction.
651 0. ‡aChicago (Ill.) ‡vFiction. ‡0(LARL_NWRL_CONSORTIUM)164108
655 7. ‡aBildungsromans. ‡2gsafd
655 7. ‡aChristian fiction. ‡2gsafd
901 . ‡a84480 ‡bOCLC ‡c84480 ‡tbiblio

Additional Resources